Land management problems with refernce to cantonements (Record no. 501366)

000 -LEADER
fixed length control field 00424cam a22001337a 4500
008 - FIXED-LENGTH DATA ELEMENTS--GENERAL INFORMATION
fixed length control field 180718b1985 xxu||||| |||| 00| 0 eng d
082 ## - DEWEY DECIMAL CLASSIFICATION NUMBER
Classification number APPPA 84-85 PIL
100 ## - MAIN ENTRY--PERSONAL NAME
Personal name Pillai, R.R.
245 ## - TITLE STATEMENT
Title Land management problems with refernce to cantonements
Statement of responsibility, etc. by R.R. Pillai
260 ## - PUBLICATION, DISTRIBUTION, ETC.
Place of publication, distribution, etc. New Delhi
Name of publisher, distributor, etc. Indian Institute of Public Administration
Date of publication, distribution, etc. 1985
300 ## - PHYSICAL DESCRIPTION
Extent 119p.
650 ## - SUBJECT ADDED ENTRY--TOPICAL TERM
Topical term or geographic name entry element Cantonements
650 ## - SUBJECT ADDED ENTRY--TOPICAL TERM
Topical term or geographic name entry element Land management problems
Holdings
Withdrawn status Lost status Damaged status Not for loan Permanent Location Current Location Date acquired Full call number Barcode Date last seen Price effective from Koha item type
        Indian Institute of Public Administration Indian Institute of Public Administration 2018-08-04 APPPA 84-85 PIL GR11724 2018-08-04 2018-08-04 GR

Powered by Koha